Qual é a tua Obra? - Inquietações Propositivas sobre Gestão, Liderança e Ética. (Record no. 121505)
[ view plain ]
| 000 -LÍDER | |
|---|---|
| campo de controle de tamanho fixo | 00309 a2200109 4500 |
| 001 - NÚMERO DE CONTROLE | |
| campo de controle | 121505 |
| 020 ## - ISBN - INTERNATIONAL STANDARD BOOK NUMBER | |
| ISBN - International Standard Book Number | 9788532635792 |
| 040 ## - FONTE DA CATALOGAÇÃO | |
| Instituição que transcreveu o registro | Escola Canadense de Niteroi |
| 100 ## - ENTRADA PRINCIPAL--NOME PESSOAL | |
| Nome pessoal | Mario Sergio Cortella |
| 245 10 - TÍTULO | |
| Título | Qual é a tua Obra? - Inquietações Propositivas sobre Gestão, Liderança e Ética. |
| 942 ## - ELEMENTOS DE ENTRADA ADICIONADOS (KOHA) | |
| Tipo de material Koha | Livros |
| Situação do descarte | Situação das perdas | Situação física | Não pode ser emprestado | Biblioteca de origem | Biblioteca atual | Data de aquisição | Total de empréstimos | Código de barras | Data de último acesso | Data do preço efetivo | Tipo de material Koha |
|---|---|---|---|---|---|---|---|---|---|---|---|
| Canadian School of Niterói - Piratininga | Canadian School of Niterói - Piratininga | 09/02/2024 | A07669 | 09/02/2024 | 09/02/2024 | Livros | |||||
| Canadian School of Niterói - Piratininga | Canadian School of Niterói - Piratininga | 09/02/2024 | A16116 | 09/02/2024 | 09/02/2024 | Livros |